000 00330nam a22001337a 4500
008 171019b xxu||||| |||| 00| 0 eng d
020 _a0865318743
041 _aeng
080 _a338
100 _a53
101 _aMEN
245 _aPUBLIC PARTICIPATION IN DEVELOPMENT PLANNING AND MANAGEMENT
_cCLAUDE.J
942 _2udc
_cBK
999 _c34893
_d34893